Historia de España

সংরক্ষণ করুন:
গ্রন্থ-পঞ্জীর বিবরন
প্রধান লেখক: Placido Domingo (Author), Fernández Conde, F. J (Author)
অন্যান্য লেখক: Mínguez, José María (autor)
বিন্যাস: গ্রন্থ
ভাষা:স্প্যানিশ
প্রকাশিত: Madrid, España Nerea 1994
বিষয়গুলি:
ট্যাগগুলো: ট্যাগ যুক্ত করুন
কোনো ট্যাগ নেই, প্রথমজন হিসাবে ট্যাগ করুন!

MARC

LEADER 00000nam a2200000 a 4500
001 UCZ5552
003 CL-VaPUC
005 20220117162926.0
008 951123e19940000SP |||||||||||||||||spa|d
999 |c 241850  |d 241848 
040 |c Pontificia Universidad Católica de Valparaíso 
082 0 4 |a 946 PLA 1994  |2 21 
100 0 |a Placido Domingo  |e author  |9 349633 
245 1 0 |a Historia de España 
260 |a Madrid, España  |b Nerea  |c 1994 
300 |a volúmenes 
500 |a v.1: La Antigüedad 
500 |a v.2-3: Las Sociedades Feudales 
583 |a last modification  |c 20160830 03:59:46  |k Rodrigo Vera 
650 7 |a HISTORIA DE ESPAÑA  |2 CL-VaPUC  |9 349636  |y SIGLOS 6-15 
650 0 |a Feudalismo  |z ESPAÑA  |9 313469 
650 0 |a Edad media  |z ESPAÑA  |9 258041 
650 0 |a Historia política  |z ESPAÑA  |9 256974 
700 |a Mínguez, José María  |e autor  |9 322580 
700 0 |a Fernández Conde, F. J  |e author  |9 349635 
942 |c BK  |2 ddc 
945 |d 19951123 00:00:00  |a rleighto 
952 |0 0  |1 0  |2 ddc  |4 0  |6 946_000000000000000_PLA_1994  |7 0  |8 A  |9 254364  |a BIBHIS  |b BIBHIS  |d 2019-11-19  |h v.1  |i 3152936  |o 946 PLA 1994  |p 3152936  |r 2025-01-20  |t 1  |w 2019-11-19  |y BK  |k HIS 
952 |0 0  |1 0  |2 ddc  |4 0  |6 946_000000000000000_PLA_1994  |7 0  |8 A  |9 254365  |a BIBHIS  |b BIBHIS  |d 2019-11-19  |h v.2  |i 3152944  |o 946 PLA 1994  |p 3152944  |r 2025-01-20  |t 1  |w 2019-11-19  |y BK  |k HIS 
952 |0 0  |1 0  |2 ddc  |4 0  |6 946_000000000000000_PLA_1994  |7 0  |8 A  |9 254366  |a BIBHIS  |b BIBHIS  |d 2019-11-19  |h v.3  |i 3152952  |o 946 PLA 1994  |p 3152952  |r 2025-01-20  |t 1  |w 2019-11-19  |y BK  |k HIS